Reflexia transformačného procesu v slovenskej ekonomike dizertačná práca
Na minha lista:
| Autor principal: | |
|---|---|
| Autor Corporativo: | |
| Outros Autores: | |
| Formato: | Livro |
| Idioma: | eslovaco |
| Publicado em: |
Bratislava
2006
|
| Assuntos: | |
| Tags: |
Sem tags, seja o primeiro a adicionar uma tag!
|
MARC
| LEADER | 00000nam$a2200000$$$4500 | ||
|---|---|---|---|
| 001 | 0054926 | ||
| 005 | 20240104135450.7 | ||
| 041 | 0 | |a slo | |
| 044 | |a SK | ||
| 245 | 1 | 0 | |a Reflexia transformačného procesu v slovenskej ekonomike |b dizertačná práca |c Gabriela Sekerešová ; Pavol Vincúr |
| 264 | 1 | |a Bratislava |c 2006 | |
| 300 | |a 197 s. | ||
| 610 | 2 | 0 | |a mechanizmus trhový |
| 610 | 2 | 0 | |a transformácia |
| 610 | 2 | 0 | |a sektor súkromný |
| 610 | 2 | 0 | |a reformy hospodárske |
| 610 | 2 | 0 | |a privatizácia |
| 610 | 2 | 0 | |a Slovensko |
| 610 | 2 | 0 | |a makroekonomika |
| 610 | 2 | 0 | |a rast hospodársky |
| 610 | 2 | 0 | |a vývoj cenový |
| 610 | 2 | 0 | |a vývoj sociálny |
| 610 | 2 | 0 | |a vývoj spoločenský |
| 100 | 1 | |a Sekerešová, Gabriela | |
| 700 | 1 | |a Vincúr, Pavol | |
| 710 | 2 | |a Národohospodárska fakulta EU. Katedra hospodárskej politiky | |